Les etudes et le travail vus par les jeunes / (Record no. 61152)

MARC details
000 -LEADER
campo de control de longitud fija 00723nam a2200181 i 4500
001 - NÚMERO DE CONTROL
campo de control 61152
003 - IDENTIFICADOR DE NÚMERO DE CONTROL
campo de control ES-MaACL
005 - FECHA Y HORA DE LA ÚLTIMA TRANSACCIÓN
campo de control 20230906164401.0
007 - CAMPO FIJO DE DESCRIPCIÓN FÍSICA--INFORMACIÓN GENERAL
campo de control de longitud fija t|
008 - DATOS DE LONGITUD FIJA--INFORMACIÓN GENERAL
campo de control de longitud fija 031110s1983 fr ||||1| fre d
020 ## - NÚMERO INTERNACIONAL ESTÁNDAR DEL LIBRO
Número Internacional Estándar del Libro 92-64-22464-5
245 04 - MENCIÓN DEL TÍTULO
Título Les etudes et le travail vus par les jeunes /
Mención de responsabilidad, etc. Centre pour la Recherche et l'Innovation dans l'Enseignement, Organisation de Coopèration et de Dèveloppement Economiques.
260 ## - PUBLICACIÓN, DISTRIBUCIÓN, ETC.
Lugar de publicación, distribución, etc. París :
Nombre del editor, distribuidor, etc. CERI :
-- OCDE,
Fecha de publicación, distribución, etc. 1983.
300 ## - DESCRIPCIÓN FÍSICA
Extensión 137 p. ;
Dimensiones 24 cm.
504 ## - NOTA DE BIBLIOGRAFÍA, ETC.
Nota de bibliografía, etc. Bibliografía: p. 118-137.
710 2# - ENTRADA AGREGADA--NOMBRE DE ENTIDAD CORPORATIVA
Nombre de entidad corporativa o nombre de jurisdicción como elemento de entrada Organización de Cooperación y Desarrollo Económico.
Unidad subordinada Centro para la Investigación e Innovación de la Enseñanza.
9 (RLIN) 6057
852 ## - LOCALIZACIÓN
Ubicación ES-MaACL
Número de control de estantería L-10246
Sublocalización o colección R.112173
Holdings
Estatus retirado Estado de pérdida Estado de daño No para préstamo Biblioteca de origen Biblioteca actual Ubicación en estantería Fecha de adquisición Fuente de adquisición Total de préstamos Signatura topográfica completa Código de barras Visto por última vez Precio de reemplazo Tipo de ítem Koha
        Biblioteca del Ateneo de Madrid Biblioteca del Ateneo de Madrid Depósito 2 17/01/2008     L-10246 1064126 23/02/2023 23/02/2023 Libro impreso